Stations de tramway de Marseille - Statistiques

Statistiques générales
  • Ce quiz a été pris 259 fois
  • Le résultat moyen est 18 sur 33
Statistiques - réponses
Réponse % Correct
La Blancarde
86%
Castellane
84%
Noailles
84%
Joliette
80%
Les Caillols
74%
Arenc-Le Silo
71%
Cinq Avenues
69%
Longchamp
66%
Belsunce-Alcazar
62%
Réformés-Canebière
62%
Canebière-Garibaldi
58%
Rome-Dragon
58%
National
56%
Sadi Carnot
56%
Saint-Pierre
56%
Canebière-Capucins
54%
Air Bel
53%
Camas
51%
Eugène Pierre
49%
George
47%
Cours Saint-Louis
46%
Rome-Davso
46%
Foch-Sakakini
45%
La Grognarde
45%
Sainte-Thérèse
45%
Foch-Boisson
44%
William Booth
44%
La Parette
42%
Euroméditerranée-Gantès
38%
Jean Martin
37%
Place de Rome
36%
La Boiseraie
35%
Républiques-Dames
30%
Aucun quiz correspondant
Distribution des résultats
% des personnes avec chaque résultat
Percentile par nombre de réponses
Votre historique - résultats
Vous n’avez pas pris ce quiz